Périphrases - Série 13 - Statistiques

Statistiques générales
  • Ce quiz a été pris 73 fois
  • Le résultat moyen est 5 sur 10
Statistiques - réponses
Périphrase Nom % Correct
La botte Italie
92%
Le Saint-Siège Vatican
83%
La ville éternelle Rome
80%
Le coeur du Maghreb Algérie
70%
La nation Arc-en-ciel Afrique du Sud
48%
Le pays du jasmin Tunisie
48%
La perle des Antilles Haïti
28%
Le pays des aigles Albanie
18%
Le pays des neiges Tibet
17%
La ville à l'éternel printemps Pékin
8%
Aucun quiz correspondant
Distribution des résultats
% des personnes avec chaque résultat
Percentile par nombre de réponses
Votre historique - résultats
Vous n’avez pas pris ce quiz